000 00846cab a2200229 4500
001 WB3505-43
008 090401t1999 xxu||||| |||| 00| 0 eng d
035 _a(Sirsi) u91082
041 _aeng
245 _aVAT change imperils development
260 _c1999
350 _a0
490 _aEstates Gazette
_v(9904) 30 January 1999, 46(1)
520 _aNew proposals to change VAT could force developers to put major projects on hold. HM Customs & Excise proposes that if a scheme is structured to avoid tax it will be treated as if it were a `normal`, less tax-effective, transaction. The new rule would affect anyone buying construction services.
650 _aCONSTRUCTION SERVICES
650 _aDEVELOPERS
650 _aPROPERTY DEVELOPERS
650 _aVALUE ADDED TAX
690 _aTAXATION
942 _n0
948 _c03/02/1999
999 _c57793
_d57793